000 01125nam0a2200325 4500
001 RU\NLR\BIBL_A\011555850
005 20240921221922.0
010 _a9785604003510
_9100
021 _aRU
_b2017-88469
_96321
035 _a(RuMoRGB)009458618
035 _a(NLR Aleph) 011555850
090 _a12259912
_c12259912
100 _a20171212d2017 u y0rusy50 ca
101 0 _arus
102 _aRU
105 _ay zzzz0|000gy
200 1 _aПересекая эльфийский портал
_eфэнтези и сказки в стихах
_fДэмъен Кипер
205 _a[Изд. 2-е, испр. и доп.]
210 _aКрасноярск
_cПалитра
_d2017
215 _a203 с.
_d21
327 1 _aСодерж.: разделы: Пересекая эльфийский портал; Сказки; Мистика
333 _a18+
686 _aШ5(2=Р)64-65я44
_2rubbk
686 2 _aШ6(2=Р)8-51
700 1 _7ca
_8rus
_aКипер
_bД.
_f1965-
_gДэмъен
_9213648
_3RU\NLR\AUTH\770213704
942 _cBOOK
980 _aNBR